000 00495nam a2200181Ia 4500
005 20250326141522.0
008 250326s9999 xx 000 0 und d
037 _aTextbook
040 _aFMSL
_beng
_cFMSL
041 _aeng
_2eng
084 _qFMSL
100 _aEmery D R
_9744634
245 0 _aPrinciples of fice with corporate applications
_cEmery D R; Finnerty J D
260 _aWest
_bWest, pub. co. St. Paul
_c1991
300 _a1074p
942 _cTB
999 _c1290684
_d1290684